000
00427nam a2200145Ia 4500
008
100122s9999 xx 000 0 und d
082
_b
5878
_a
823
100
_a
कवठेकर दत्त रघुनाथ
245
_a
आभाळाची सावली
260
_c
1924
300
_a
100
630
_a
आभाळाची सावली
730
_a
आभाळाची सावली
942
_c
BOOK
999
_c
399060
_d
399057